00682nam a2200205Ia 450000100060000000800390000604100080004508200120005310000360006524500670010125000120016826000380018030000190021865300210023765300190025865300190027794200120029695201510030899900170045961970080101n ii |||gr||||Z||||||asm aasm a891.413 aBargohain, Nirupama.,eAuthor., 0aJibon Namor Kiba EtacBy Nirupama BargohainhTextual Documents aist ed. aJorhat:bGraduate Stores.,c2010. apg 200:c20cm. aAssamese Fiction aAssamese novel aDeptt-Assamese 2ddccBK 001040708General aSKBLbSKBLcDeptt-Assamesed2008-01-01f00000g160.00l0o891.413 Bo 644 Jip6301/Asr2024-01-14 00:00:00t1w2008-01-01yBK c63078d63078